| 000 | 00000nam##2200000za#4500 |
| 001 | 9.536202 |
| 003 | CaOODSP |
| 005 | 20210305151643 |
| 007 | ta |
| 008 | 150406|2001||||xxc||||| f|0| 0 eng|d |
| 040 | |aCaOODSP|beng |
| 041 | |aeng |
| 041 | |afre |
| 043 | |an-cn--- |
| 086 | 1 |aXB371-39/1 |
| 110 | 1 |aCanada. |bParliament. |bHouse of Commons. |
| 245 | 13|aAn Act to replace the Yukon Act in order to modernize it and to implement certain provisions of the Yukon Northern Affairs Program Devolution Transfer Agreement, and to repeal and make amendments to other Acts|c(The Minister of Indian Affairs and Northern Development.) |
| 260 | |aOttawa - Ontario : |bHouse of Commons |cFirst reading, October 31, 2001. |
| 300 | |a89p. |
| 490 | 1 |aBills of the House of Commons|vC-39 |
| 500 | |aReprint. |
| 546 | |aBilingual |
| 590 | |a01-46|b2001-11-16 |
| 690 | 07|aLegislation|2gcpds |
| 690 | 07|aAmendments|2gcpds |
| 690 | 07|aNorthern Canada|2gcpds |
| 690 | 07|aFederal programs|2gcpds |
| 690 | 07|aFederal provincial agreements|2gcpds |
| 792 | |tLoi remplaçant la Loi sur le Yukon afin de la moderniser et de mettre en oeuvre certaines dispositions de l'Accord de transfert au Yukon d'attributions relevant du Programme des affaires du Nord et modifiant et abrogeant d'autres lois|efre|w(CaOODSP)9.536203 |
| 830 | #0|aBills of the House of Commons ;|vC-39|w(CaOODSP)9.509702 |